| 000 | 00495nam a2200181Ia 4500 | ||
|---|---|---|---|
| 008 | 230312s9999 xx 000 0 und d | ||
| 041 | _aeng | ||
| 082 |
_a620.1 _b620.1/BEE/031482 |
||
| 100 | _aBeer F.P. | ||
| 245 |
_aVector Machanics For Engineers _bStatics And Dynamics (In SI Units) |
||
| 250 | _a8th ed. | ||
| 260 | _bTata Mc-graw Hill Pub. | ||
| 365 |
_cRs. _b525.00 |
||
| 700 | _aJohnstonE.R. | ||
| 710 | _aBeer F.P. & Johnston E.R. | ||
| 906 | _b525 | ||
| 999 |
_c128791 _d128791 |
||